=LDR 00000nam 2200000 4500 =001 NUTBA000000000003211 =005 20140807094655.0 =006 =007 =008 =020 ##$$a 978-602-7622-20-4 =035 ##$$a 0010-081400000000055 =040 ##$$a NBPDMAT =082 ##$$a 519.5 =090 ##$$a 519.5 $b Ist s =100 ##$$a Isti Karnikasari =245 ##$$a Statistika : $b Asyiknya mengumpulkan, menyajikan dan mengolah data / $c Isti Karnikasari =250 ##$$a Cet.1 =260 ##$$a Jakarta : $b Pustaka Al Ghifari, $c 2013 =300 ##$$a vi, 78 hlm. $b ilus. ; $c 25 cm. =500 ##$$a Bibliografi : hlm. 171-178 =650 ##$$a Statistika =850 ##$$a NBPDMAT =990 ##$$a 21406282